000 00362pam a2200157a 44500
008 230515b1987 xxu||||| |||| 00| 0 eng d
020 _aNULL
041 _aENGL
082 _a621.380422 /GAG
100 _aGAGLIARDI R.M.
245 _aSATELLITE COMMUNICATION(C.B.S.)
250 _aN.D.
260 _aNULL
_bC.B.S
_c1987
300 _a474 HB
650 _aNULL
999 _c623015
_d623015